Catalog

Record Details

Catalog Search



Pythagoras a velký útěk čísel  Cover Image Book Book

Pythagoras a velký útěk čísel / napsala Louise Guillemotová ; ilustrovala Anna Griotová ; z francouzského originálu Pythagore et la grande évasion des nombres ... přeložila Jolana Kubíková

Guillemot, Louise, 1998- (Author). Griot, Anna, 1994- (Illustrator). Kubíková, Jolana (Translator).

Record details

  • ISBN: 978-80-908532-1-8
  • Physical Description: 61 stran : barevné ilustrace ; 21 cm
  • Edition: Vydání první
  • Publisher: V Praze : Pink Box, 2022
Subject: Pýthagorás ze Samu, asi 580 př. Kr.-asi 500 př. Kr.
filozofové > starověké Řecko > 6. století př. Kr.
matematici > starověké Řecko > 6. století př. Kr.
čísla
philosophers > ancient Greece > 6th century B.C.
mathematicians > ancient Greece > 6th century B.C.
numbers
Genre: francouzské příběhy
publikace pro děti
French stories
children's literature

Available copies

  • 1 of 1 copy available at Common Catalog SPOK.

Holds

  • 0 current holds with 1 total copy.
Show Only Available Copies
Location Call Number / Copy Notes Barcode Shelving Location Status Due Date
Varianty GRV P4C Gu 4605402181 Šafaříkova 17 - 5. patro, GRV Available -

LDR 02400nam a2200613 i 4500
00150899
003CZ-PrJAB
00520220613121911.0
007ta
008220321s2022 xr a b 000 j cze
015 . ‡acnb003402990
020 . ‡a978-80-908532-1-8 ‡q(brožováno)
035 . ‡a(CZ PrNK)nkc20223402990
040 . ‡aOLA001 ‡bcze ‡erda
0411 . ‡acze ‡hfre
043 . ‡ae-gr---
045 . ‡ad4d4
072 7. ‡a821.133.1-3 ‡xFrancouzská próza, francouzsky psaná ‡2Konspekt ‡925
072 7. ‡a821-93 ‡xLiteratura pro děti a mládež (beletrie) ‡2Konspekt ‡926
080 . ‡a821.133.1-32 ‡2MRF
080 . ‡a821-93 ‡2MRF
080 . ‡a101-051 ‡2MRF
080 . ‡a51-051 ‡2MRF
080 . ‡a511.11 ‡2MRF
080 . ‡a(38) ‡2MRF
080 . ‡a(0:82-32) ‡2MRF
1001 . ‡aGuillemot, Louise, ‡d1998- ‡7ola20221149482 ‡4aut
24010. ‡aPythagore et la grande évasion des nombres. ‡lČesky
24510. ‡aPythagoras a velký útěk čísel / ‡cnapsala Louise Guillemotová ; ilustrovala Anna Griotová ; z francouzského originálu Pythagore et la grande évasion des nombres ... přeložila Jolana Kubíková
250 . ‡aVydání první
264 1. ‡aV Praze : ‡bPink Box, ‡c2022
300 . ‡a61 stran : ‡bbarevné ilustrace ; ‡c21 cm
336 . ‡atext ‡btxt ‡2rdacontent
336 . ‡astatický obraz ‡bsti ‡2rdacontent
337 . ‡abez média ‡bn ‡2rdamedia
338 . ‡asvazek ‡bnc ‡2rdacarrier
4901 . ‡aMonáda ; ‡v2. svazek
60007. ‡aPýthagorás ze Samu, ‡dasi 580 př. Kr.-asi 500 př. Kr. ‡7jn20000701459 ‡2czenas
648 7. ‡a6. století př. Kr. ‡7ch460504 ‡2czenas
65007. ‡afilozofové ‡7ph117191 ‡zstarověké Řecko ‡y6. století př. Kr. ‡2czenas
65007. ‡amatematici ‡7ph122664 ‡zstarověké Řecko ‡y6. století př. Kr. ‡2czenas
65007. ‡ačísla ‡7ph202644 ‡2czenas
65009. ‡aphilosophers ‡zancient Greece ‡y6th century B.C. ‡2eczenas
65009. ‡amathematicians ‡zancient Greece ‡y6th century B.C. ‡2eczenas
65009. ‡anumbers ‡2eczenas
655 7. ‡afrancouzské příběhy ‡7fd184214 ‡2czenas
655 7. ‡apublikace pro děti ‡7fd133156 ‡2czenas
655 9. ‡aFrench stories ‡2eczenas
655 9. ‡achildren's literature ‡2eczenas
7001 . ‡aGriot, Anna, ‡d1994- ‡7ola20221149496 ‡4ill
7001 . ‡aKubíková, Jolana ‡7jn20001227799 ‡4trl
830 0. ‡aMonáda (Pink Box)
910 . ‡aABH006
901 . ‡a50899 ‡bAUTOGEN ‡c50899 ‡tbiblio

Additional Resources